Statistics for NBA Career Records

Click here to take the quiz!

General Stats

  • This quiz has been taken 21 times
  • The average score is 153 of 218

Answer Stats

Record Amt. Player % Correct
Highest points per game average30.12Michael Jordan
100%
Most 60+ point games32Wilt Chamberlain
100%
Highest field goal percentage (min. 2000 FG)66.96%DeAndre Jordan
100%
Most consecutive seasons leading league in points7Wilt Chamberlain/Michael Jordan
100%
Most points38,387Kareem Abdul-Jabbar
95%
Most points by a shooting guard33,643Kobe Bryant
95%
Most seasons leading league in blocks4Kareem Abdul-Jabbar/Mark Eaton/Marcus Camby
95%
Highest assists per game average11.2Magic Johnson
90%
Most steals off the bench843Dell Curry/Manu Ginobili
90%
Most blocks by a point guard675Dennis Johnson
90%
Most field goals made off the bench4,477Dell Curry
90%
Most 3-point field goals made by a point guard2,483Stephen Curry
90%
Most seasons played21Robert Parish/Kevin Willis/Kevin Garnett/Vince Carter/Dirk Nowitzki
90%
Most points by a small forward32,543LeBron James
90%
Most assists by a point guard15,806John Stockton
86%
Most free throws made by a center8,531Moses Malone
86%
Most points by a power forward36,928Karl Malone
86%
Most consecutive seasons with 100+ 3-point field goals made15Ray Allen/Reggie Miller
81%
Most consecutive games with a field goal made1,360Tim Duncan
81%
Highest free throw percentage90.43%Steve Nash
81%
Most seasons leading league in field goal percentage10Shaquille O'Neal
76%
Most points by a point guard26,710Oscar Robertson
76%
Most 3-point field goals made by a shooting guard2,973Ray Allen
76%
Most steals by a non-Hall of Famer2,112Alvin Robertson
76%
Most steals by a small forward2,307Scottie Pippen
71%
Most steals by a center2,162Hakeem Olajuwon
71%
Most rebounds by a non-Hall of Famer13,017Buck Williams
71%
Most points off the bench11,154Lou Williams
71%
Most consecutive free throws made97Micheal Williams
71%
Highest 3-point field goals missed per game average4.7James Harden
67%
Most 3-point field goals made by a power forward1,982Dirk Nowitzki
67%
Most defensive rebounds11,453Kevin Garnett
67%
Most assists by a non-Hall of Famer10,334Mark Jackson
62%
Most consecutive seasons leading league in rebounds7Dennis Rodman
62%
Most consecutive seasons leading league in blocks3Dikembe Mutombo/Marcus Camby
57%
Most consecutive games with at least 1 steal108Chris Paul
57%
Most triple-doubles by a power forward22Draymond Green
57%
Most games by a head coach2,487Lenny Wilkens
57%
Most assists by a non-All-Star8,524Andre Miller
57%
Most consecutive games played, none missed1,192A.C. Green
57%
Most technical fouls by a player304Rasheed Wallace
52%
Most seasons leading league in defensive rebounds6Dwight Howard
52%
Most rebounds by a point guard8,725Jason Kidd
52%
Highest 3-point field goal percentage45.40%Steve Kerr
52%
Most points by a non-All-Star19,414Jamal Crawford
48%
Most 3-point field goals made by a small forward2,351Kyle Korver
48%
Most consecutive starts to begin an NBA career1,118Patrick Ewing
48%
Most 3-point field goals made by a center1,253Clifford Robinson
48%
Most 3-point field goals attempted by a small forward5,816Paul Pierce
48%
Most rebounds by a small forward11,463Elgin Baylor
48%
Most games by a head coach with one team / franchise1,820Gregg Popovich
38%
Most seasons by a head coach with one team / franchise23Jerry Sloan/Gregg Popovich
38%
Highest win percentage by a player75.37%Kawhi Leonard
38%
Most minutes played by a small forward46,471John Havlicek
38%
Most losses by a shooting guard715Vince Carter
33%
Most rebounds by a power forward16,279Elvin Hayes
33%
Most blocks by a non-Hall of Famer3,064Mark Eaton
33%
Most blocks by a small forward1,713Josh Smith
29%
Most games played1,611Robert Parish
29%
Most rebounds by a non-All-Star9,513Marcus Camby
24%
Most losses by a point guard633Jason Terry
19%
Most technical fouls by a head coach466Jerry Sloan
19%
Most wins by a non-Hall of Famer853Derek Fisher
14%
Highest assists per game average by a non-All-Star8.1Kevin Porter
14%
Most points by a non-Hall of Famer20,049Tom Chambers
14%
Most ejections by a head coach79Don Nelson
14%
Most assists off the bench2,648Michael Cooper
10%
Most personal fouls off the bench2,416Antoine Carr
5%
Most games played before first career double-double828JJ Redick
5%
Most offensive rebounds off the bench1,235Nick Collison
5%
Most seasons leading league in free throw percentage7Bill Sharman
0%
Most disqualifications127Vern Mikkelsen
0%
Highest points per game average by a non-All-Star20.1John Williamson
0%
Most losses by a power forward664Kevin Willis
0%
Most blocks off the bench777Thurl Bailey
0%
Most rebounds off the bench3,461Detlef Schrempf
0%
Highest defensive rebounds per game average9.8Dave Cowens
0%
Most assists by a shooting guard6,453Reggie Theus
0%

Score Distribution

Percentile by Number Answered

Percent of People with Each Score

Your Score History

You have not taken this quiz